[Event "12. Lichtenberger Sommer"]
[Site "Berlin"]
[Date "2013.08.21"]
[Round "5.49"]
[White "Salz, Matthias"]
[Black "Peschke, Uwe"]
[Result "0-1"]
[WhiteElo "1698"]
[BlackElo "2046"]
[PlyCount "58"]
[EventDate "2013.??.??"]
[WhiteTeam "SV Empor Berlin e.V."]
[BlackTeam "SC Empor Potsdam 1952 e.V."]

1. c4 Nf6 2. g3 g6 3. Bg2 d5 4. cxd5 Nxd5 5. Nc3 Nxc3 6. bxc3 Bg7 7. Nf3 c5 8.
O-O O-O 9. Rb1 Nc6 10. Qa4 Qc7 11. Ba3 Bf5 12. e4 Bg4 13. Rfc1 Bxf3 14. Bxf3
Ne5 15. Be2 c4 16. Qb5 Rfd8 17. Qxb7 Qxb7 18. Rxb7 Rxd2 19. Bf1 Nd3 20. Bxd3
cxd3 21. Bxe7 Rc2 22. Bg5 d2 23. Rd1 Bxc3 24. Rc7 Rb8 25. Kg2 a5 26. a4 Rbb2
27. Kf3 Ra2 28. Ke2 Ra1 29. f3 Rxd1 0-1

[Event "12. Lichtenberger Sommer"]
[Site "Berlin"]
[Date "2013.08.21"]
[Round "5.50"]
[White "Werner, Justus"]
[Black "Costello, Colin"]
[Result "1-0"]
[WhiteElo "1737"]
[BlackElo "1931"]
[PlyCount "39"]
[EventDate "2013.??.??"]
[WhiteTeam "SG Blau-Weiß Stadtilm"]
[BlackTeam "SC Weisse Dame e.V."]

1. c4 e5 2. Nc3 Nf6 3. g3 d5 4. cxd5 Nxd5 5. Bg2 Be6 6. Nf3 Nc6 7. d3 Be7 8.
O-O O-O 9. a3 a5 10. Bd2 Qd7 11. Rc1 Bh3 12. Nxd5 Bxg2 13. Nxe7+ Qxe7 14. Kxg2
e4 15. dxe4 Qxe4 16. Be3 Rad8 17. Qc2 Qg4 18. h3 Qh5 19. Rfd1 Rde8 20. Bc5 1-0

[Event "12. Lichtenberger Sommer"]
[Site "Berlin"]
[Date "2013.08.21"]
[Round "5.51"]
[White "Giannino, Domenico"]
[Black "Hörmann, David"]
[Result "1/2-1/2"]
[WhiteElo "1989"]
[BlackElo "1907"]
[PlyCount "69"]
[EventDate "2013.??.??"]
[WhiteTeam "Spgem Kötz/Ichenhausen"]
[BlackTeam "SC Weisse Dame e.V."]

1. e4 c5 2. Nf3 d6 3. d4 cxd4 4. Nxd4 Nf6 5. Nc3 a6 6. Bc4 e6 7. Bb3 b5 8. f3
Bb7 9. Be3 Nc6 10. Qd2 Qc7 11. O-O-O Nxd4 12. Bxd4 O-O-O 13. Qf2 Nd7 14. Kb1
Nc5 15. a4 b4 16. Na2 a5 17. Nc1 Qc6 18. Rhe1 Nxa4 19. Bxa4 Qxa4 20. Nb3 Kb8
21. Ba7+ Kc8 22. Bb6 Rd7 23. Bxa5 Qb5 24. c4 bxc3 25. Rc1 Kb8 26. Rxc3 Be7 27.
Qc2 Rc8 28. Rxc8+ Bxc8 29. Rc1 Ba6 30. Nd4 Qd3 31. Nc6+ Kb7 32. Nxe7 Rxe7 33.
Rd1 Qxc2+ 34. Kxc2 Kc6 35. Bb4 1/2-1/2

[Event "12. Lichtenberger Sommer"]
[Site "Berlin"]
[Date "2013.08.21"]
[Round "5.52"]
[White "Bergmann, Jens"]
[Black "Kay, Jonathan"]
[Result "1/2-1/2"]
[WhiteElo "1920"]
[BlackElo "1953"]
[PlyCount "71"]
[EventDate "2013.??.??"]
[WhiteTeam "SK Tempelhof 1931 e.V."]
[BlackTeam "Athenaeum Chess Club London"]

1. e4 c6 2. e5 d5 3. exd6 Qxd6 4. d4 Nf6 5. Nf3 Bg4 6. Be2 Nbd7 7. O-O e6 8.
Nbd2 Be7 9. g3 Nb6 10. a4 a5 11. Nb3 Qd5 12. Ng5 Bxe2 13. Qxe2 h6 14. Nf3 Qh5
15. Kg2 Qd5 16. Rd1 g5 17. Kg1 g4 18. Ne5 h5 19. c4 Qe4 20. Qxe4 Nxe4 21. c5
Nd7 22. Nc4 Bd8 23. Re1 Ndf6 24. Bf4 Rg8 25. Re2 Kd7 26. Kg2 Ng5 27. Bd2 Nf3
28. Bxa5 Bxa5 29. Nbxa5 Kc7 30. Nb3 Nd5 31. a5 h4 32. gxh4 Nf4+ 33. Kf1 Nxh2+
34. Ke1 Nf3+ 35. Kd1 Nxe2 36. Kxe2 1/2-1/2

[Event "12. Lichtenberger Sommer"]
[Site "Berlin"]
[Date "2013.08.21"]
[Round "5.53"]
[White "Keusch, Horst"]
[Black "Zenkner, Christian"]
[Result "1/2-1/2"]
[WhiteElo "2021"]
[BlackElo "1909"]
[PlyCount "120"]
[EventDate "2013.??.??"]
[WhiteTeam "SC Friesen Lichtenberg e.V."]
[BlackTeam "SV Bad Bentheim"]

1. f4 Nf6 2. Nf3 g6 3. e3 Bg7 4. Be2 O-O 5. O-O d6 6. d4 e6 7. c4 Nbd7 8. Nc3
b6 9. e4 Bb7 10. Bd3 c5 11. e5 Ne8 12. Be4 Bxe4 13. Nxe4 d5 14. cxd5 exd5 15.
Nc3 Nc7 16. dxc5 Nxc5 17. Nd4 Ne4 18. Nce2 Ne6 19. Be3 Rc8 20. Qa4 a5 21. Rac1
N6c5 22. Qa3 Qd7 23. Rcd1 Rfd8 24. b4 Qa4 25. Qxa4 Nxa4 26. bxa5 bxa5 27. Rc1
Nac3 28. Nxc3 Rxc3 29. Rxc3 Nxc3 30. Bd2 Nxa2 31. Ra1 Nb4 32. Rxa5 Bf8 33. Rb5
Nd3 34. e6 Bc5 35. exf7+ Kxf7 36. Be3 Re8 37. Rxc5 Nxc5 38. Kf2 Nd3+ 39. Kf3
Ne1+ 40. Kf2 Nxg2 41. Bd2 Nh4 42. Nc6 Nf5 43. Ne5+ Ke6 44. Kf3 Ra8 45. Kg4 h6
46. Nxg6 Ra2 47. Nf8+ Kf7 48. Bb4 Ne3+ 49. Kf3 Nc2 50. Bc5 Ne1+ 51. Ke3 Rxh2
52. Nd7 Nc2+ 53. Kf3 Ke6 54. Ne5 Kf5 55. Kg3 Rh1 56. Nf3 Rb1 57. Nh4+ Ke4 58.
f5 d4 59. f6 Rb7 60. Be7 d3 1/2-1/2

[Event "12. Lichtenberger Sommer"]
[Site "Berlin"]
[Date "2013.08.21"]
[Round "5.54"]
[White "Kather, Yannick"]
[Black "Roth, Joachim"]
[Result "1-0"]
[WhiteElo "1943"]
[BlackElo "1923"]
[PlyCount "49"]
[EventDate "2013.??.??"]
[WhiteTeam "SC Weisse Dame e.V."]
[BlackTeam "SG Bund"]

1. e4 Nf6 2. e5 Nd5 3. d4 d6 4. c4 Nb6 5. exd6 cxd6 6. Nc3 g6 7. Be3 Bg7 8. Rc1
O-O 9. b3 Nc6 10. Be2 e5 11. Nf3 Bg4 12. dxe5 dxe5 13. O-O Nd4 14. Nxd4 exd4
15. Bxg4 dxc3 16. Qc2 Qf6 17. Rcd1 Rfd8 18. Bf3 Qe7 19. c5 Nd7 20. Bxb7 Nxc5
21. Bxa8 Rxa8 22. Bd4 Ne4 23. Bxg7 Kxg7 24. Kh1 f5 25. f3 1-0

[Event "12. Lichtenberger Sommer"]
[Site "Berlin"]
[Date "2013.08.21"]
[Round "5.55"]
[White "Merz, Rüdiger"]
[Black "Landt, Stefan"]
[Result "0-1"]
[WhiteElo "1900"]
[BlackElo "1929"]
[PlyCount "116"]
[EventDate "2013.??.??"]
[WhiteTeam "SK Zehlendorf e.V."]
[BlackTeam "SV Berolina Mitte e.V."]

1. e4 c5 2. Nf3 Nc6 3. d4 cxd4 4. Nxd4 Nf6 5. Nc3 e5 6. Ndb5 a6 7. Nd6+ Bxd6 8.
Qxd6 Qe7 9. Qd1 d6 10. f3 O-O 11. Bg5 Be6 12. Qd2 Rac8 13. a3 b5 14. Be3 Qc7
15. Qf2 d5 16. Bc5 Rfe8 17. exd5 Nxd5 18. Ne4 Nd4 19. b4 f5 20. Nd6 Nxc2+ 21.
Qxc2 Qxd6 22. Bd3 Qd7 23. Kf2 Nf4 24. Rhd1 Qf7 25. Rab1 e4 26. Bf1 e3+ 27. Kg1
Qg6 28. g3 e2 29. Bxe2 Nxe2+ 30. Qxe2 Bb3 31. Qd3 Bxd1 32. Rxd1 Qe6 33. Kf2 h6
34. Rd2 Qe1+ 35. Kg2 Kh8 36. Rf2 Qe5 37. Rd2 Qf6 38. Bd4 Qf7 39. Bc5 Re6 40.
Rf2 Rce8 41. Qd5 Qg6 42. Qd2 Re1 43. Bd4 Qe6 44. Qc3 Re7 45. Bc5 Rd7 46. Bd4
Re2 47. Qc5 Rxf2+ 48. Bxf2 Kh7 49. h4 Rd3 50. Qc1 Qd5 51. Qf4 Rd1 52. g4 fxg4
53. Qxg4 Qd3 54. Qc8 Qf1+ 55. Kg3 Rd6 56. Qf5+ Rg6+ 57. Kf4 Qxf2 58. h5 Qd4+
0-1

[Event "12. Lichtenberger Sommer"]
[Site "Berlin"]
[Date "2013.08.21"]
[Round "5.58"]
[White "Eichler, Jan-Christoph"]
[Black "Gruener, Reinhard"]
[Result "1-0"]
[WhiteElo "2012"]
[BlackElo "2016"]
[PlyCount "63"]
[EventDate "2013.??.??"]
[WhiteTeam "Schachclub Oranienburg e.V."]
[BlackTeam "SG Lasker Steglitz-Wilmersdorf"]

1. d4 d6 2. c4 Nf6 3. Nc3 g6 4. e4 Bg7 5. Be2 O-O 6. f4 c5 7. d5 Na6 8. Nf3 Nc7
9. O-O a6 10. a4 b6 11. Qe1 Rb8 12. Ra3 Bd7 13. e5 Nfe8 14. Ne4 b5 15. Qh4 b4
16. Nfg5 h6 17. Raf3 Bf5 18. g4 Bxe4 19. Nxe4 e6 20. g5 dxe5 21. d6 Nxd6 22.
Nxd6 hxg5 23. fxg5 Qxd6 24. Rd3 Qe7 25. Rh3 Rfd8 26. Qh7+ Kf8 27. Qxg6 e4 28.
Rh7 Ne8 29. Bh5 Kg8 30. Rxg7+ Nxg7 31. Rxf7 Rd1+ 32. Kg2 1-0

[Event "12. Lichtenberger Sommer"]
[Site "Berlin"]
[Date "2013.08.21"]
[Round "5.59"]
[White "Guzzetti, Luigi Enrico"]
[Black "Lieder, Günter"]
[Result "1-0"]
[WhiteElo "1873"]
[BlackElo "1884"]
[PlyCount "125"]
[EventDate "2013.??.??"]
[WhiteTeam "C.S. Scacco Matto Como"]
[BlackTeam "SK Turm Bad Hersfeld"]

1. e4 c5 2. Nf3 d6 3. d4 cxd4 4. Nxd4 e6 5. Be2 Be7 6. Nc3 a6 7. O-O b5 8. Be3
Bb7 9. f3 Nf6 10. Qd2 O-O 11. a4 bxa4 12. Nxa4 Nbd7 13. c4 d5 14. exd5 exd5 15.
Nf5 Re8 16. c5 Bc6 17. b4 Bf8 18. Rfe1 Qc7 19. Bf4 Qb7 20. Bd6 Re6 21. Bxf8
Nxf8 22. Nd6 Qe7 23. Nb6 Rd8 24. Bxa6 Qc7 25. Nf5 Rde8 26. Nd4 Re5 27. Rxe5
Qxe5 28. Rc1 Ba8 29. Nxa8 Rxa8 30. Bb7 Ra4 31. c6 Qc7 32. Qc3 Ne6 33. Nxe6 fxe6
34. Qc5 Ra2 35. Kh1 Nh5 36. b5 Ng3+ 37. hxg3 Qxg3 38. Qg1 Ra4 39. Qe3 Rh4+ 40.
Kg1 Rh2 41. Qxe6+ Kf8 42. Qc8+ Kf7 43. Qd7+ Kf8 44. Qd8+ Kf7 45. Qxd5+ Kf8 46.
f4 Qh4 47. Qd6+ Kf7 48. Qd7+ Kf8 49. Qf5+ Kg8 50. Qd5+ Kf8 51. Qc5+ Kf7 52.
Qc4+ Kf8 53. Kf1 Rh1+ 54. Ke2 Qg4+ 55. Kd3 Qg3+ 56. Ke4 Qxg2+ 57. Ke5 Rh5+ 58.
Kd6 Rh6+ 59. Kc7 Qd2 60. Qc5+ Ke8 61. Qe5+ Kf8 62. Qf5+ Ke7 63. Qd7+ 1-0

[Event "12. Lichtenberger Sommer"]
[Site "Berlin"]
[Date "2013.08.21"]
[Round "5.60"]
[White "Schräpel, Manfred"]
[Black "Grassi, Fabrizio"]
[Result "1-0"]
[WhiteElo "1903"]
[BlackElo "1957"]
[PlyCount "135"]
[EventDate "2013.??.??"]
[WhiteTeam "BSV 63 Chemie Weißensee"]
[BlackTeam "SV Berlin-Friedrichstadt"]

1. d4 Nf6 2. Nf3 d5 3. e3 Bf5 4. Bd3 Bxd3 5. Qxd3 c6 6. O-O e6 7. b3 Nbd7 8.
Nbd2 Bd6 9. Bb2 O-O 10. e4 dxe4 11. Nxe4 Nxe4 12. Qxe4 Nf6 13. Qe2 Nd5 14. g3
Qe7 15. c4 Nf6 16. Rad1 Rad8 17. Qc2 Rfe8 18. Rfe1 Bb4 19. Re2 h6 20. Ne5 Rc8
21. Nd3 a5 22. c5 Red8 23. a3 Bxa3 24. Bxa3 Rxd4 25. Bb2 Rd5 26. Qc3 Rcd8 27.
Red2 Qd7 28. Kg2 Qe7 29. f3 Qd7 30. Qxa5 Qe7 31. Qc3 Qd7 32. b4 h5 33. Bc1 h4
34. Nf2 hxg3 35. hxg3 Qc7 36. Rxd5 Nxd5 37. Qe1 Ra8 38. Qd2 Qe5 39. Nd3 Qf5 40.
g4 Qf6 41. Bb2 Qd8 42. Be5 f6 43. Bg3 e5 44. Nf2 Ra3 45. Nd3 Nc3 46. Rc1 Nb5
47. Rd1 Nc3 48. Nxe5 Qxd2+ 49. Rxd2 fxe5 50. Bxe5 Nd5 51. b5 Ne3+ 52. Kf2 Nc4
53. Rd8+ Kf7 54. bxc6 bxc6 55. Bd6 Ke6 56. Re8+ Kd5 57. Bf8 Ra2+ 58. Kg3 Ra7
59. Rd8+ Ke6 60. Bd6 Rb7 61. Kh4 Rf7 62. f4 Nxd6 63. Rxd6+ Ke7 64. Kg5 Rf8 65.
Rxc6 Rd8 66. f5 Kf7 67. Rc7+ Kg8 68. Kg6 1-0

[Event "12. Lichtenberger Sommer"]
[Site "Berlin"]
[Date "2013.08.21"]
[Round "5.61"]
[White "Baranowsky, Peter"]
[Black "Balliere, Arne"]
[Result "1-0"]
[WhiteElo "1967"]
[BlackElo "1743"]
[PlyCount "77"]
[EventDate "2013.??.??"]
[WhiteTeam "Sfrd. Berlin 1903 e.V."]
[BlackTeam "Kon. Oostendse SK"]

1. d4 Nf6 2. Nf3 g6 3. Nc3 Bg7 4. e4 d6 5. Be3 O-O 6. Qd2 Ng4 7. Bg5 h6 8. Bh4
c6 9. h3 Nf6 10. Be2 Nbd7 11. e5 dxe5 12. dxe5 Nd5 13. Nxd5 cxd5 14. Qxd5 Nxe5
15. O-O-O Qxd5 16. Rxd5 Nxf3 17. Bxf3 g5 18. Bg3 Be6 19. Ra5 f5 20. Bxb7 Rad8
21. Be5 Bxe5 22. Rxe5 Rd6 23. Rhe1 Rf6 24. Rxe6 Rfxe6 25. Rxe6 Rxe6 26. Bd5 Kf7
27. Kd2 Kf6 28. Bxe6 Kxe6 29. c4 Kd6 30. b4 e5 31. f3 h5 32. g3 Ke6 33. Ke3 Kd6
34. a4 g4 35. fxg4 fxg4 36. hxg4 hxg4 37. Ke4 a6 38. c5+ Ke6 39. b5 1-0

[Event "12. Lichtenberger Sommer"]
[Site "Berlin"]
[Date "2013.08.21"]
[Round "5.62"]
[White "Sidabras, Ignas"]
[Black "Alten, Silvio"]
[Result "1-0"]
[WhiteElo "1690"]
[BlackElo "1887"]
[PlyCount "159"]
[EventDate "2013.??.??"]
[WhiteTeam "SC Kreuzberg e.V."]
[BlackTeam "Treptower SV 1949 e.V."]

1. d4 d5 2. c4 e5 3. dxe5 d4 4. Nf3 Nc6 5. g3 Nge7 6. Bg2 Ng6 7. O-O Bc5 8.
Nbd2 a5 9. Ne4 Be7 10. Bg5 Bxg5 11. Nexg5 Ngxe5 12. Nxe5 Nxe5 13. Nf3 Nxf3+ 14.
Bxf3 c5 15. Qb3 Qc7 16. Qb5+ Bd7 17. Qxb7 Qxb7 18. Bxb7 Rb8 19. Bf3 a4 20. b3
axb3 21. axb3 O-O 22. Ra3 Rb4 23. Ra5 Rc8 24. Rb1 Bf5 25. Rb2 Be6 26. Rb5 Rb8
27. Rxc5 Bxc4 28. Bd5 Bxd5 29. Rxd5 Kf8 30. Rd2 Re8 31. Kf1 Rxb3 32. R5xd4 Rb1+
33. Kg2 Re1 34. e3 g6 35. Rd7 Re7 36. Rd8+ Kg7 37. R8d7 Kf6 38. R2d6+ Re6 39.
Rd4 Kg7 40. Rf4 Rf6 41. Rxf6 Kxf6 42. Ra7 h5 43. h4 Re2 44. Ra5 Rb2 45. Rg5 Rc2
46. Kf3 Ra2 47. Rb5 Rc2 48. Rb6+ Ke5 49. Rb4 Kf6 50. Rf4+ Ke6 51. Ke4 Rd2 52.
Kf3 Ra2 53. Kg2 Rc2 54. Kh3 Rc1 55. Kg2 Rc2 56. Kh3 Rc1 57. g4 Rg1 58. gxh5
gxh5 59. f3 f6 60. e4 Rg6 61. Rf5 Rh6 62. Kg3 Rg6+ 63. Kf4 Rh6 64. Ra5 Kf7 65.
Kf5 Kg7 66. Ra7+ Kf8 67. Ra6 Kg7 68. e5 fxe5 69. Rxh6 Kxh6 70. Kxe5 Kg7 71. Kf5
Kf7 72. Kg5 Ke6 73. f4 Kf7 74. Kxh5 Kf6 75. Kg4 Kg6 76. h5+ Kf6 77. f5 Kf7 78.
Kg5 Kg7 79. f6+ Kf7 80. Kf5 1-0

[Event "12. Lichtenberger Sommer"]
[Site "Berlin"]
[Date "2013.08.21"]
[Round "5.63"]
[White "Casny, Guenter"]
[Black "George, Tom"]
[Result "0-1"]
[WhiteElo "1835"]
[BlackElo "1901"]
[PlyCount "94"]
[EventDate "2013.??.??"]
[WhiteTeam "SC Rochade e.V."]
[BlackTeam "SG Blau-Weiß Stadtilm"]

1. e4 c5 2. Nc3 d6 3. g3 Nc6 4. Bg2 g6 5. d3 Bg7 6. Be3 e6 7. Qd2 Nd4 8. Nge2
Qa5 9. O-O Nxe2+ 10. Qxe2 Bxc3 11. bxc3 Qxc3 12. f4 Ne7 13. Rab1 Nc6 14. Rb3
Nd4 15. Bxd4 Qxd4+ 16. Kh1 O-O 17. c3 Qa4 18. Qb2 Qa5 19. c4 Rd8 20. h4 Qc7 21.
Rb1 e5 22. f5 b6 23. f6 h6 24. Rf1 Rb8 25. Qe2 Qd7 26. Qe3 Kh7 27. Rf2 a6 28.
Kh2 b5 29. a3 Qe6 30. a4 Bd7 31. Rfb2 b4 32. Ra2 Qxf6 33. Qf3 Qe6 34. a5 Kg7
35. Kg1 Qg4 36. Kf2 Qxf3+ 37. Bxf3 g5 38. Ra1 gxh4 39. gxh4 Kf6 40. Ke3 Rg8 41.
Rf1 Ke7 42. Bh5 Rg3+ 43. Kd2 f6 44. Bf3 Rbg8 45. Rbb1 Bg4 46. Bxg4 R8xg4 47.
Rh1 Rg2+ 0-1

[Event "12. Lichtenberger Sommer"]
[Site "Berlin"]
[Date "2013.08.21"]
[Round "5.64"]
[White "Kapp, Frank"]
[Black "Napoli, Ferdinando"]
[Result "1-0"]
[WhiteElo "1908"]
[BlackElo "1732"]
[PlyCount "77"]
[EventDate "2013.??.??"]
[WhiteTeam "TSV IFA Chemnitz"]
[BlackTeam "C.S. Scacco Matto Como"]

1. d4 Nf6 2. c4 g6 3. Nc3 Bg7 4. e4 d6 5. Be2 O-O 6. f4 c5 7. d5 e6 8. Nf3 exd5
9. cxd5 Re8 10. Qc2 a6 11. O-O b5 12. e5 Bf5 13. Bd3 Bxd3 14. Qxd3 c4 15. Qd1
Qb6+ 16. Kh1 Ng4 17. Nd4 dxe5 18. fxe5 Nxe5 19. Be3 Qd8 20. Nc2 Qd7 21. a4 Nd3
22. axb5 Nxb2 23. Qd2 Nd3 24. Bd4 Qe7 25. Bxg7 Kxg7 26. Nd4 a5 27. Nc6 Nxc6 28.
dxc6 Qc5 29. Ra2 a4 30. h4 a3 31. Qg5 f5 32. h5 Re6 33. h6+ Kg8 34. Qg3 Rae8
35. Qc7 R6e7 36. Qg3 f4 37. Qf3 Re3 38. Qd5+ Qxd5 39. Nxd5 1-0

[Event "12. Lichtenberger Sommer"]
[Site "Berlin"]
[Date "2013.08.21"]
[Round "5.65"]
[White "Reiche, Andreas"]
[Black "Fuchs, Jörg"]
[Result "1-0"]
[WhiteElo "1940"]
[BlackElo "1862"]
[PlyCount "78"]
[EventDate "2013.??.??"]
[WhiteTeam "SV Berolina Mitte e.V."]
[BlackTeam "SC Kreuzberg e.V."]

1. e4 e5 2. Nc3 Nc6 3. Bc4 Nf6 4. d3 Be7 5. f4 d6 6. Nf3 O-O 7. fxe5 Nxe5 8.
Bb3 Bg4 9. Bg5 c6 10. O-O b5 11. d4 Nxf3+ 12. gxf3 Bh3 13. Re1 h6 14. Be3 Nh7
15. Kh1 Bh4 16. Rg1 Kh8 17. Ne2 Qf6 18. Nf4 Ng5 19. Qe2 Rae8 20. c3 Be6 21. Bc2
Nh3 22. Nh5 Nxg1 23. Rxg1 Qe7 24. Nxg7 Rg8 25. Nxe8 Rxg1+ 26. Kxg1 Qxe8 27.
Bxh6 Bh3 28. Kh1 Qe6 29. Bc1 d5 30. Qe3 dxe4 31. Bxe4 f5 32. Bc2 Qg6 33. Qh6+
Qxh6 34. Bxh6 Kh7 35. Be3 Kg6 36. Kg1 a5 37. a4 Kf6 38. Bd2 Ke6 39. Bd3 b4 1-0

[Event "12. Lichtenberger Sommer"]
[Site "Berlin"]
[Date "2013.08.21"]
[Round "5.66"]
[White "Kurbel, Horst-Peter"]
[Black "Alcer, Fabian"]
[Result "0-1"]
[WhiteElo "1845"]
[BlackElo "1776"]
[PlyCount "68"]
[EventDate "2013.??.??"]
[WhiteTeam "FC Bayern München e.V."]
[BlackTeam "SV Empor Berlin e.V."]

1. d4 Nf6 2. c4 c5 3. Nf3 g6 4. g3 Bg7 5. Bg2 O-O 6. O-O cxd4 7. Nxd4 Nc6 8.
Nxc6 bxc6 9. Re1 Rb8 10. Qc2 Qb6 11. e3 a5 12. Nc3 Ba6 13. b3 d5 14. Na4 Qa7
15. Ba3 Ng4 16. Rad1 dxc4 17. bxc4 Ne5 18. c5 Nc4 19. Bc1 Bb5 20. Nc3 Qxc5 21.
Nxb5 cxb5 22. Rd5 Qb4 23. Red1 Rfc8 24. Qe4 e6 25. Rd7 Qc5 26. Qb1 b4 27. Rb7
Rxb7 28. Bxb7 Rb8 29. Ba6 Ne5 30. Be2 a4 31. f4 Nc4 32. Qc2 Bc3 33. Bxc4 Qxc4
34. Bb2 Qxa2 0-1

[Event "12. Lichtenberger Sommer"]
[Site "Berlin"]
[Date "2013.08.21"]
[Round "5.67"]
[White "Dreke, Frank"]
[Black "Alvarez, Luis"]
[Result "1-0"]
[WhiteElo "1990"]
[BlackElo "1902"]
[PlyCount "75"]
[EventDate "2013.??.??"]
[WhiteTeam "Treptower SV 1949 e.V."]
[BlackTeam "Schachclub Zug um Zug Everswinke"]

1. e4 d5 2. exd5 Qxd5 3. Nc3 Qa5 4. Nf3 Nf6 5. Bc4 c6 6. a3 Bf5 7. b4 Qc7 8. d3
e6 9. Qe2 Bd6 10. Ne4 Be7 11. O-O h6 12. Bb2 Nbd7 13. Ng3 Bg4 14. Rfe1 O-O 15.
h3 Bxf3 16. Qxf3 Rae8 17. Ne4 Nb6 18. Nxf6+ Bxf6 19. Bxf6 gxf6 20. Qxf6 Kh7 21.
Re4 Qe7 22. Qxe7 Rxe7 23. Bb3 Nd7 24. Rae1 Nf6 25. Re5 Nd7 26. Ra5 a6 27. a4
Nf6 28. b5 axb5 29. axb5 cxb5 30. Rea1 Rb8 31. Rxb5 Ne8 32. Rb6 Ng7 33. Ra7 Nf5
34. Ra4 Rd8 35. Ra7 Rdd7 36. Kf1 Nd6 37. Ra8 Kg7 38. Ba4 1-0

[Event "12. Lichtenberger Sommer"]
[Site "Berlin"]
[Date "2013.08.21"]
[Round "5.68"]
[White "Räcke, Norbert"]
[Black "Zesewitz, Martin"]
[Result "1-0"]
[WhiteElo "1846"]
[BlackElo "1863"]
[PlyCount "59"]
[EventDate "2013.??.??"]
[WhiteTeam "Queer-Springer SSV Berlin"]
[BlackTeam "SF Friedrichshagen"]

1. d4 f5 2. Nc3 Nf6 3. Bg5 e6 4. e4 fxe4 5. Nxe4 Be7 6. Bxf6 Bxf6 7. Nf3 O-O 8.
Bd3 Nc6 9. c3 d5 10. Nxf6+ Qxf6 11. O-O e5 12. Qb3 exd4 13. Qxd5+ Kh8 14. cxd4
Nb4 15. Qc4 Nxd3 16. Qxd3 Bf5 17. Qc3 Be4 18. Ne5 Rad8 19. f3 Bf5 20. Rfd1 Qb6
21. b3 Rd5 22. Kh1 Be6 23. Rd2 Rfd8 24. Rad1 Qd6 25. Qe3 c5 26. Nc4 cxd4 27.
Nxd6 dxe3 28. Rxd5 Bxd5 29. Nf7+ Kg8 30. Nxd8 1-0

[Event "12. Lichtenberger Sommer"]
[Site "Berlin"]
[Date "2013.08.21"]
[Round "5.69"]
[White "Brüning, Wolfgang"]
[Black "Korb, Viktor"]
[Result "1-0"]
[WhiteElo "1962"]
[BlackElo "1691"]
[PlyCount "37"]
[EventDate "2013.??.??"]
[WhiteTeam "Queer-Springer SSV Berlin"]
[BlackTeam "SF Siemensstadt"]

1. Nf3 d5 2. d4 Nf6 3. e3 Bg4 4. c4 e6 5. Qb3 b6 6. Ne5 Bd6 7. Nc3 c6 8. Nxg4
Nxg4 9. g3 h5 10. h3 Nf6 11. Bg2 Qc7 12. f4 Nbd7 13. Bd2 h4 14. g4 g5 15. Rf1
O-O-O 16. cxd5 gxf4 17. dxc6 Nf8 18. Nb5 Qb8 19. c7 1-0

[Event "12. Lichtenberger Sommer"]
[Site "Berlin"]
[Date "2013.08.21"]
[Round "5.70"]
[White "Bollenbach, Horst"]
[Black "Schabe, Felix"]
[Result "0-1"]
[WhiteElo "1566"]
[BlackElo "1746"]
[PlyCount "60"]
[EventDate "2013.??.??"]
[WhiteTeam "SC Friesen Lichtenberg e.V."]
[BlackTeam "SV Empor Berlin e.V."]

1. e4 e5 2. Nf3 Nc6 3. Bb5 a6 4. Ba4 Nf6 5. Qe2 d6 6. h3 b5 7. Bb3 Be7 8. c3
Na5 9. Bc2 c5 10. d4 Qc7 11. d5 Bd7 12. b3 O-O 13. O-O Nb7 14. a3 Rfb8 15. Nh2
a5 16. f4 b4 17. fxe5 dxe5 18. Rf3 Nd6 19. Rg3 c4 20. cxb4 cxb3 21. Rxb3 axb4
22. Rg3 b3 23. Rc3 Qa7+ 24. Be3 bxc2 25. Bxa7 cxb1=Q+ 26. Rc1 Qb2 27. Qe3 Rc8
28. Rcb1 Qc3 29. Nf3 Ndxe4 30. Rb3 Qxa1+ 0-1

[Event "12. Lichtenberger Sommer"]
[Site "Berlin"]
[Date "2013.08.21"]
[Round "5.71"]
[White "Möller, Dirk"]
[Black "Möller, Dustin"]
[Result "0-1"]
[WhiteElo "1649"]
[BlackElo "1793"]
[PlyCount "62"]
[EventDate "2013.??.??"]
[WhiteTeam "SC Kreuzberg e.V."]
[BlackTeam "Eckernförder SC von 1921"]

1. e4 e5 2. Nc3 Nf6 3. f4 d5 4. Nf3 exf4 5. e5 Ne4 6. d4 g5 7. h4 Ng3 8. Rg1
Nxf1 9. Rxf1 h6 10. Nh2 Nc6 11. Qd3 Nb4 12. Qd1 Bf5 13. Rf2 c5 14. a3 Nc6 15.
Nf3 g4 16. Ng1 cxd4 17. Nce2 d3 18. cxd3 f3 19. Ng3 Bh7 20. gxf3 Qxh4 21. Nf1
Nxe5 22. Qe2 Kd7 23. Kd1 Nxd3 24. Rh2 Qf6 25. fxg4 Re8 26. Ne3 d4 27. Nd5 Qd6
28. Qf3 Re1+ 29. Kd2 Qxh2+ 30. Ne2 Ne5 31. Nf6+ Kc8 0-1

[Event "12. Lichtenberger Sommer"]
[Site "Berlin"]
[Date "2013.08.21"]
[Round "5.72"]
[White "Körner, Helmut"]
[Black "Becker, Jared"]
[Result "0-1"]
[WhiteElo "1910"]
[BlackElo "2038"]
[PlyCount "110"]
[EventDate "2013.??.??"]
[WhiteTeam "Sfr.Nord-Ost Berlin"]
[BlackTeam "SC Tarrasch 45 München"]

1. b4 Nf6 2. Bb2 g6 3. e3 Bg7 4. Nf3 O-O 5. c4 d6 6. d4 Nbd7 7. Nc3 c6 8. Be2
Re8 9. O-O e5 10. dxe5 dxe5 11. e4 Qe7 12. Qb3 Nh5 13. Rfe1 Nf4 14. Bf1 Nf8 15.
Ne2 Nh5 16. b5 Bg4 17. a4 Qf6 18. Red1 Nf4 19. Rd2 Nh3+ 20. gxh3 Bxf3 21. Ng3
Ne6 22. Ra3 Bh5 23. Nxh5 Qg5+ 24. Qg3 Qxd2 25. Nxg7 Nxg7 26. Bxe5 Nh5 27. Qc3
Qxc3 28. Bxc3 Rxe4 29. bxc6 bxc6 30. Rb3 Nf4 31. Ba5 Ne2+ 32. Kg2 Nd4 33. Rb7
c5 34. Bd2 Kf8 35. Be3 Re7 36. Rb2 Kg7 37. Kg1 Rd8 38. Rb1 Rd6 39. Bg2 Rb6 40.
Rd1 Rb4 41. Bd5 Rxa4 42. Kg2 Ne6 43. Rb1 Rc7 44. Bd2 Kf6 45. Rb8 Kf5 46. Kg3
Ra3+ 47. f3 Ke5 48. Bc1 Ra2 49. Be3 Re2 50. Bc1 Kd4 51. Bb2+ Kd3 52. Be4+ Kxc4
53. Be5 f5 54. Bxc7 fxe4 55. Bd6 Rd2 0-1

[Event "12. Lichtenberger Sommer"]
[Site "Berlin"]
[Date "2013.08.21"]
[Round "5.73"]
[White "Schröter, Maik"]
[Black "Shapiro, Yosip"]
[Result "1/2-1/2"]
[WhiteElo "1856"]
[BlackElo "2112"]
[PlyCount "81"]
[EventDate "2013.??.??"]
[WhiteTeam "SG Blau-Weiß Stadtilm"]
[BlackTeam "SV Berolina Mitte e.V."]

1. e4 c6 2. d4 d5 3. exd5 cxd5 4. Bd3 Nc6 5. c3 g6 6. Nf3 Bg7 7. O-O Nf6 8. Re1
O-O 9. h3 b6 10. Bf4 Nh5 11. Bh2 Bh6 12. Ne5 Nxe5 13. Rxe5 Nf4 14. Bf1 f6 15.
Bxf4 Bxf4 16. Re1 Bd6 17. Nd2 Rf7 18. c4 Bb7 19. cxd5 Rc8 20. Qb3 Bxd5 21. Bc4
Bxc4 22. Nxc4 Bb8 23. Rac1 Kg7 24. Qe3 b5 25. Nd2 Rxc1 26. Rxc1 e5 27. Nf3 Qd6
28. dxe5 fxe5 29. Re1 a6 30. Qxe5+ Qxe5 31. Nxe5 Rc7 32. Nd3 Rc2 33. Kf1 Rd2
34. Nb4 a5 35. Nc6 Bd6 36. Re2 Rd5 37. a3 b4 38. axb4 axb4 39. Re4 Rd1+ 40. Re1
Rd2 41. Re2 1/2-1/2

[Event "12. Lichtenberger Sommer"]
[Site "Berlin"]
[Date "2013.08.21"]
[Round "5.74"]
[White "Wierzbicki, Jirawat"]
[Black "Schmidt, Jürgen"]
[Result "0-1"]
[WhiteElo "1725"]
[BlackElo "2024"]
[PlyCount "60"]
[EventDate "2013.??.??"]
[WhiteTeam "TuS Makkabi Berlin e.V."]
[BlackTeam "SC Kreuzberg e.V."]

1. e4 e5 2. Nf3 Nc6 3. d4 exd4 4. Nxd4 Nf6 5. Nc3 Bb4 6. Nxc6 bxc6 7. Bd3 d6 8.
Bd2 Ng4 9. Qe2 Bc5 10. O-O Qh4 11. h3 Qg3 12. hxg4 Bxg4 13. Qe3 Bxe3 14. Bxe3
Qh4 15. f3 Bd7 16. Bd4 c5 17. Bxg7 Rg8 18. Nd5 Rxg7 19. Nxc7+ Kf8 20. Nxa8
Rxg2+ 21. Kxg2 Bh3+ 22. Kh2 Bxf1+ 23. Kg1 Bh3 24. Kh2 Bg4+ 25. Kg2 Qh3+ 26. Kf2
Qxf3+ 27. Kg1 Qe3+ 28. Kg2 Qh3+ 29. Kf2 Qh2+ 30. Ke1 Qg1+ 0-1